00921nam a2200193 i 4500001000700000003000900007005001700016008004100033100004300074245024300117260005100360300002100411650002700432700004000459710003500499852005200534999001900586952012200605189020ES-MaACL20250810225314.0190321s1950 sp |||| | spa d1 aAleixandre, Vicente,d1898-198491968810aVida del poeta b: el amor y la poesía / cdiscurso leído ante la Real Academia Española, el día 22 de enero de 1950, en su recepción pública, por el... Sr. D. Vicente Aleixandre y contestación del... Sr. D. Dámaso Alonso. aMadrid : b[s.n.], c1950 (fS. Aguirre, imp.) a51 p. ; c24 cm.07aPoesía2embne9161491 aAlonso, Dámaso,d1898-19909201952 aReal Academia Española96336 aES-MaACLjK-157-12 z- Enc. en un vol. facticio c189020d189020 00104070aATENEOMbATENEOMcADMd2019-03-21eDONl0oK-157-12p1200188r2023-02-23 00:00:00w2023-02-23yMONOGRAFIA